Praveké a včasné dejiny východného Slovenska. 1. zväzok., Doba kamenná a doba bronzová. /
Uložené v:
| Hlavný autor: | |
|---|---|
| Médium: | Kniha |
| Jazyk: | Slovak |
| Vydané: |
Košice :
Socialistická akadémia ČSSR v Košiciach,
1989
|
| Vydanie: | 1. vyd. |
| Témy: | |
| ISBN: |
(brož.) |
| Fyzický popis: |
75 s. |
| Tagy: |
Pridať tag
Žiadne tagy, Buďte prvý kto otaguje tento záznam!
|
Titul je dostupný aj v ... 

MARC
| LEADER | 00000nam a2200000 a 4500 | ||
|---|---|---|---|
| 001 | 000078310 | ||
| 003 | SVKK | ||
| 005 | 20030507000000.0 | ||
| 008 | 030224s1989 xo e sloo | ||
| 020 | |a (brož.) | ||
| 040 | |a SVKKK |b slo |c SVKKK |e AACR2 | ||
| 041 | 0 | |a slo | |
| 044 | |a xo |c SK | ||
| 080 | |a 94(437.67)"631/634" |2 1997 | ||
| 080 | |a 94(437.67)"637" |2 1997 | ||
| 100 | 1 | |a Bánesz, Ladislav, |d 1932- |4 aut | |
| 245 | 1 | 0 | |a Praveké a včasné dejiny východného Slovenska. |n 1. zväzok., |p Doba kamenná a doba bronzová. / |c Ladislav Bánesz...[et al.] |
| 246 | 3 | 0 | |a Doba kamenná a doba bronzová. |
| 250 | |a 1. vyd. | ||
| 260 | |a Košice : |b Socialistická akadémia ČSSR v Košiciach, |c 1989 | ||
| 300 | |a 75 s. | ||
| 653 | 0 | |a Slovensko východné |2 SVKKKPH | |
| 653 | 0 | |a doba kamenná |2 SVKKKPH | |
| 653 | 0 | |a doba bronzová |2 SVKKKPH | |
| 653 | 0 | |a dejiny |2 SVKKKPH | |
| 655 | 7 | |a príručky |2 SVKKKPH | |
| 910 | |a svkkk | ||
| 974 | |a UH |d 20030424 | ||
| 974 | |a KL |d 20030424 | ||
| 974 | |a MI |d 20030507 | ||
| 998 | |a BK | ||
| 090 | |g SCKHL |k Študovňa historických fondov a regionálnej lit.(Pri Mikl.väzn.1) |a III.193287 |j 951958 |i 2720128059 |s Príručka / Študovňa | ||